शेख़ फ़रीद वाणी: (Record no. 40582)

MARC details
000 -LEADER
fixed length control field 01198nam a22002537a 4500
005 - DATE AND TIME OF LATEST TRANSACTION
control field 20100810120518.0
010 ## - LCCN (DPL NO)
LC control number HIN-90246
020 ## - INTERNATIONAL STANDARD BOOK NUMBER
Terms of availability 75.00
International Standard Book Number 9788128821479
035 ## - SYSTEM CONTROL NUMBER
System control number HN-62592
037 ## - SOURCE OF ACQUISITION
Source of stock number/acquisition DBAD / PUB
082 ## - DEWEY DECIMAL CLASSIFICATION NUMBER
Classification number 920
100 ## - MAIN ENTRY--PERSONAL NAME
Personal name भोला, रचना 'यामिनी'
245 ## - TITLE STATEMENT
Title शेख़ फ़रीद वाणी:
Remainder of title रचना भोला 'यामिनी'
Statement of responsibility, etc जीवनी और वाणी /
246 ## - VARYING FORM OF TITLE
Title proper/short title Shekh Fareed Vani
Remainder of title by Rachna Bhola 'Yamini'
260 ## - PUBLICATION, DISTRIBUTION, ETC. (IMPRINT)
Place of publication, distribution, etc नई दिल्ली
Name of publisher, distributor, etc डायमंड पॉकेट बुक्स
Date of publication, distribution, etc 2010
270 ## - ADDRESS
Address एक्स-30, ओखला इंडस्ट्रियल एरिया, फेज-II
City नई दिल्ली
Postal code 110020
Telephone number 011-41611861, 40712100
Fax number 011-41611866
Electronic mail address sales@dpb.in
300 ## - PHYSICAL DESCRIPTION
Extent 142पृ
Dimensions 22सेमी (अजिल्द)
500 ## - GENERAL NOTE
General note भारत के संत कवि
700 ## - ADDED ENTRY--PERSONAL NAME
9 (RLIN) 7228
700 ## - ADDED ENTRY--PERSONAL NAME
9 (RLIN) 7267
700 ## - ADDED ENTRY--PERSONAL NAME
9 (RLIN) 7698
942 ## - ADDED ENTRY ELEMENTS (KOHA)
Institution code [OBSOLETE] dpl
Item type Hindi Books
Call number prefix
Source of classification or shelving scheme Dewey Decimal Classification
Call number suffix भोलार
Classification part 920
Holdings
Withdrawn status Lost status Not for loan Collection code Home library Current library Date acquired Source of acquisition Cost, normal purchase price Full call number Barcode Copy number Cost, replacement price Koha item type
    Not For Loan Non-fiction D.B.Act.Division D.B.Act.Division 10/08/2010 DBAD / PUB 75.00 920 भोलार HN-62592 1 75.00 Hindi Books

© Delhi Public Library
Hit Counter
free hit counter